| 000 | 00822nam a2200253 a 4500 | ||
|---|---|---|---|
| 008 | |||
| 020 | _a0444196579 (cased) | ||
| 049 | _aMAIN | ||
| 090 |
_aQR181 _bGRA |
||
| 100 | 1 | _aGray, David F. | |
| 245 | 1 | 0 |
_aImmunology : _ban outline of basic principles, problems, and theories concerning the immunological behaviour of man and animals / _cDavid F. Gray. |
| 250 | _a2nd ed. | ||
| 260 |
_aNew York : _bAmerican Elsevier, _c1970. |
||
| 300 |
_aviii, 222 p. : _bill. ; _c23 cm. |
||
| 504 | _aIncludes bibliographical references : p. 207-208. | ||
| 500 | _aIncludes index. | ||
| 650 | 0 | _aImmunology, Comparative. | |
| 650 | 2 | _aImmunity. | |
| 907 |
_a.b1001598x _b20-09-06 _c17-04-03 |
||
| 003 | |||
| 005 | 20230120203824.0 | ||
| 040 | _cNUST | ||
| 942 |
_cBOOKS _kQR181 _mGRA |
||
| 999 |
_c112096 _d112096 |
||